00258nam a22000977a 4500020001800000082001300018100001700031245005000048260004200098300002000140 a9788131701867 a658.4033 aP.C. Tulsian aQuantitative techniques : theory and problems aNew DelhibDorling kinderseleyc2006. adifferent pages